000 00844nac a22002897a 4500
001 BR7326051
003 BR-BrBNA
005 20240105113714.0
008 230509b bl.|||m| |||| 00| 0 por d
040 _aBR-BrBNA
_bpor
_cBiblioteca Nacional de Agricultura
072 _aL00
090 _a5212 BR7326051
100 1 _aHermsdorff, G.E.
110 1 _aServico de Informacao Agricola, Rio de Janeiro, GB (Brasil)
245 1 _aA raca simental [Melhoramento animal]
250 1 _a2. ed.
260 3 _aRio de Janeiro, GB (Brasil):
_c1944.
300 _a19 p.
490 _aSIA (Brazil)
_vno. 677
_x
500 _aReprint of "Bovinos" 2(3)
650 _aProducao animal
650 _aBovino
650 _aGado simmental
650 _aMelhoramento animal
909 _a202312
_bLúcia Elande
_c55
_dLúcia Elande
942 _2AGRIS
_n0
_cMS
999 _c265082
_d265082